NFL Hall of Famers who Passed Away in the 2020s - Statistics

General Stats
  • This quiz has been taken 19 times
    10 since last reset
  • The average score is 9 of 36
Answer Stats
Year Age Inductee % Correct
2023 81 Bob Brown
57%
2022 100 Charley Trippi
57%
2022 72 Franco Harris
57%
2023 87 Jim Brown
57%
2020 58 Kevin Greene
57%
2024 76 O.J. Simpson
57%
2023 80 Dick Butkus
43%
2020 90 Don Shula
43%
2020 81 Herb Adderley
43%
2022 87 Len Dawson
43%
2022 72 Ray Guy
43%
2023 97 Art McNally
29%
2022 80 Charley Taylor
29%
2020 58 Chris Doleman
29%
2022 86 Don Maynard
29%
2020 68 Fred Dean
29%
2020 77 Gale Sayers
29%
2022 93 Hugh McElhenny
29%
2024 86 Jimmy Johnson
29%
2023 95 Bud Grant
14%
2023 80 Dave Wilcox
14%
2023 91 Gil Brandt
14%
2021 85 John Madden
14%
2020 82 Larry Wilson
14%
2022 76 Rayfield Wright
14%
2020 85 Willie Davis
14%
2020 83 Willie Wood
14%
2023 86 Bobby Beathard
0%
2020 84 Bobby Mitchell
0%
2021 77 Claude Humphrey
0%
2021 75 Curley Culp
0%
2021 78 Floyd Little
0%
2020 72 Ken Riley
0%
2021 81 Mick Tingelhoff
0%
2020 84 Paul Hornung
0%
2021 87 Sam Huff
0%
No matching quizzes found
Score Distribution
Percent of People with Each Score
Percentile by Number Answered
Your Score History
You have not taken this quiz since the last reset